Giải tích toán học T.1 Giải tích toán học
Trình bày về lí thuyết tập hợp và xây dựng trường số thực. Không gian mêtric. Đại cương về không gian Banach và chuỗi trong không gian Banach. Phép tính vi phân trong không gian Banach
Đã lưu trong:
| Tác giả chính: | |
|---|---|
| Tác giả khác: | |
| Định dạng: | Sách |
| Ngôn ngữ: | Vietnamese |
| Được phát hành: |
H.
Đại học Sư phạm
2012
|
| Phiên bản: | Tái bản lần thứ 2 |
| Những chủ đề: | |
| Các nhãn: |
Thêm thẻ
Không có thẻ, Là người đầu tiên thẻ bản ghi này!
|
| Thư viện lưu trữ: | Mạng thư viện Đại học Đà Nẵng |
|---|
| LEADER | 01665aam a22003858a 4500 | ||
|---|---|---|---|
| 001 | 000018248 | ||
| 003 | 14675 | ||
| 005 | 20131004081008.0 | ||
| 008 | 131001s2012 viesd | ||
| 020 | |c 54000đ |d 500b | ||
| 041 | 0 | |a vie | |
| 082 | 1 | 4 | |2 14 |a 515 |b NG-K |
| 100 | 1 | |a Nguyễn Văn Khuê | |
| 245 | 1 | 0 | |a Giải tích toán học |c Nguyễn Văn Khuê (ch.b.), Lê Mậu Hải |n T.1 |p Giải tích toán học |
| 250 | |a Tái bản lần thứ 2 | ||
| 260 | |a H. |b Đại học Sư phạm |c 2012 | ||
| 300 | |a 382 tr. |b Đại học Sư phạm |c 21 cm. | ||
| 520 | |a Trình bày về lí thuyết tập hợp và xây dựng trường số thực. Không gian mêtric. Đại cương về không gian Banach và chuỗi trong không gian Banach. Phép tính vi phân trong không gian Banach | ||
| 650 | 0 | 4 | |2 Bộ TKTVQG |a Giải tích |
| 653 | |a Toán học | ||
| 653 | |a Giải tích | ||
| 655 | 7 | |2 Bộ TKTVQG |a Giáo trình | |
| 700 | 1 | |a Lê Mậu Hải | |
| 773 | |a Nguyễn Văn Khuê |b Tái bản lần thứ 2 |d Đại học Sư phạm |d H. |d 2012 |t Giải tích toán học |w 505789 | ||
| 773 | |b Tái bản lần thứ nhất |d Đại học Sư phạm |d H. |d 2010 |t Giải tích toán học |w 14674 | ||
| OWN | |a LSP | ||
| AVA | |a UDN50 |b LSP |d 515 NG-K |e available |t Error 5001 Not defined in file expand_doc_bib_avail. |f 10 |g 0 |h N |i 0 |k 1 | ||
| 999 | |a From the UDN01 | ||
| AVA | |a UDN50 |b LSP |d 515 NG-K |e available |t Error 5001 Not defined in file expand_doc_bib_avail. |f 10 |g 0 |h N |i 0 |k 1 | ||
| TYP | |a Monograph | ||
| TYP | |a Printed language | ||
| 980 | |a Mạng thư viện Đại học Đà Nẵng | ||